التربية الخاصة لبطيئي التعلم / (رقم التسجيلة. 139170)

تفاصيل مارك
000 -الفاتح
عناصر البيانات ثابتة الطول 00839cam a2200205 i 4500
005 - تاريخ ووقت آخر معاملة
حقل ضبط 20260204082346.0
008 - عناصر البيانات ثابتة الطول
عناصر البيانات ثابتة الطول 250721s2018 jo gr 000 0 ara d
020 ## - الترقيم الدولي المعياري للكتب (ردمك)
الترقيم الدولي المعياري للكتب (ردمك) 9789957616939
082 14 - رقم تصنيف ديوي العشري
رقم التصنيف 371.9
رقم المادة ع ي س
100 1# - مدخل رئيسي – اسم شخصي
الاسم الشخصي العيساوي، سيف طارق حسين
علاقة الشخص بالعمل/ دوره مؤلف.
245 12 - بيان العنوان
العنوان التربية الخاصة لبطيئي التعلم /
بيان المسؤولية الاستاذ المساعد سيف طارق حسين العيساوي، راجعه لغويا الدكتور قصي سمير العزاوي.
250 ## - بيان الطبعة
بيان الطبعة الطبعة الأولى.
264 31 - بيانات النشر، التوزيع…إلخ
مكان النشر، التوزيع...إلخ عمان :
اسم الناشر، الموزع...إلخ دار صفاء للنشر والتوزيع،
تاريخ النشر، التوزيع...إلخ 2018.
300 ## - الوصف المادي
عدد الوحدات المكونة للوعاء 168صفحة.
650 17 - مدخل إضافي بالموضوع - مصطلح موضوعي
مصطلح موضوعي أو اسم جغرافي كعنصر مدخل التربية الخاصة.
650 17 - مدخل إضافي بالموضوع - مصطلح موضوعي
مصطلح موضوعي أو اسم جغرافي كعنصر مدخل صعوبات التعلم.
650 17 - مدخل إضافي بالموضوع - مصطلح موضوعي
مصطلح موضوعي أو اسم جغرافي كعنصر مدخل بطء التعلم.
942 ## - بيانات إضافية (كوها)
نوع التنصيف Dewey Decimal Classification
نوع المادة (كوها) كتب
المقتنيات
حالة السحب حالة الفقدان مصدر التصنيف حالة التلف غير قابل للإعارة المكتبة الرئيسية المكتبة الحالية موقع الرف تاريخ التزويد الرقم المتسلسل Total Checkouts رقم الإستدعاء الباركود تاريخ آخر ظهور تاريخ الفاتورة نوع المادة (كوها)
    Dewey Decimal Classification     المكتبة المركزية المكتبة المركزية الإعارة 28/07/2025 1693975   371.9 / ع ي س PLD00440348 28/07/2025 28/07/2025 كتب
    Dewey Decimal Classification     المكتبة المركزية المكتبة المركزية مقتنيات قسم التزويد 28/07/2025 1693977   371.9/عيس   28/07/2025 28/07/2025 كتب
    Dewey Decimal Classification     المكتبة المركزية المكتبة المركزية مقتنيات قسم التزويد 28/07/2025 1693978   371.9/عيس   28/07/2025 28/07/2025 كتب
    Dewey Decimal Classification     مكتبة أبو علندا العامة مكتبة أبو علندا العامة الإعارة 14/01/2019 1693982   371.9/عيس PLD00442331 28/07/2025 14/01/2019 كتب
    Dewey Decimal Classification     مكتبة الجويدة مكتبة الجويدة الإعارة 14/01/2019 1693983   371.9/عيس PLD00442332 28/07/2025 14/01/2019 كتب
    Dewey Decimal Classification     مكتبة الحسن العامة مكتبة الحسن العامة الإعارة 14/01/2019 1693980   371.9/عيس PLD00442329 28/07/2025 14/01/2019 كتب
    Dewey Decimal Classification     مكتبة صويلح العامة مكتبة صويلح العامة الإعارة 14/01/2019 1693981   371.9/عيس PLD00442330 28/07/2025 14/01/2019 كتب
Implemented & Customized by: BBB with SCIT (Smart Chains for Information Technology)

Powered by Koha